Responses for show #5414 - Thursday, March 6, 2008

Contestants

[<< previous game]

Jake Marini, a university administrator and event planner from Ardmore, Pennsylvania

Tim Bobinski, a U.S. Air Force pilot originally from South Milwaukee, Wisconsin

Cristina Martin, a stay-at-home mom from Louisville, Kentucky (whose 1-day cash winnings total $13,000)

[next game >>]

Jeopardy! Round responses

THE OLD TESTAMENT
AWARDS & HONORS
THE HOBOKEN FIVE
ANIMALS ALOFT
INNOCENT POPES
RHYME TIME
(Alex: ...and each correct response in RHYME TIME will rhyme with "rhyme" and "time". Can't get any simpler than that.)
    $200 1
Eden

Tim
    $200 12
Judy Garland

Jake
    $200 26
Frank Sinatra

Jake
    $200 7
a balloon

Tim
    $200 19
witchcraft

Tim
    $200 2
grime

Tim
    $400 17
(Alex: And winds up in the whale. [*].)

Jonah

Triple Stumper
    $400 13
the Screen Actors Guild (or SAG)

Tim
    $400 27
Kinsey

Jake
    $400 8
pigeons

Cristina
    $400 20
the Holy Roman Empire

Triple Stumper
    $400 3
a mime

Jake
    $600 18
(Cristina: What is Jericho?)

Jerusalem

CristinaTim
    $600 14
David Hyde Pierce

Jake
    $600 28
Stephen Foster

Triple Stumper
    $600 9
(Tim: Who is Roy Rogers?)
...
(Alex: Roy Rogers had Trigger. [*] had Champion.)

Gene Autry

Tim
Triple Stumper
    $600 21
the Jesuits

Cristina
    $600 4
sublime

Jake
    $800 24
King Solomon

Triple Stumper
    $800 15
Hugh Laurie

Jake
    $800 29
(Michael) Chang

Tim
    $800 10
(Alex: I love that.)

the Red Baron

Cristina
    $800 22
Abelard

Cristina
    $800 5
to prime

Tim
    $1000 25
Baal

Triple Stumper
    $1,000 16
(Alex: You have a $14--14--a $1,400 lead at the moment.)
(Jake: Uh, I'll wager $1,000.)
...
(Jake: Who is Edmund Burke?)
(Alex: Ohh, darn. You got the right first name,
but the wrong second name. It's [*], the famous Booth acting family, as in John Wilkes.)

Edwin Booth

Jake
    $1000 30
(Tim: Who is Weston?)

Alfred Stieglitz

CristinaTim
    $1000 11
(Cristina: What are dogs?)
(Alex: Be more specific.)
(Cristina: What are Saint Bernards?)
...
(Alex: [*] or [*], yes. Sled dogs we're talking about here.)

huskies (or malamutes)

CristinaJake
    $1000 23
(Tim: Who are the Huns?)
(Cristina: Who are the Goths?)
(Alex: Be more specific.)
(Cristina: Who are [*]?)

the Visigoths

CristinaTim
    $1000 6
maritime

Tim

Scores at the first commercial break (after clue 16):

Cristina Tim Jake
$200 $2,200 $2,600

Scores at the end of the Jeopardy! Round:

Cristina Tim Jake
$3,000 $1,800 $3,200

Double Jeopardy! Round responses

OPTICS
MOVIES BY CHARACTERS
ON THE U.S. MAP
CURSES
PRESIDENTS
"PAN"HANDLING
    $400 6
(Alex: What do you do on New Year's Day? You usually make [*]s.)

resolution

Triple Stumper
    $400 15
Dr. Strangelove

Jake
    $400 1
Indiana

Tim
    $400 11
the Chicago Cubs

Jake
    $400 25
FDR

Jake
    $400 20
Pandora

Cristina
    $800 7
reflection

Tim
    $800 16
Blazing Saddles

Jake
    $800 2
Alabama

Tim
    $800 12
Beethoven

Cristina
    $800 21
panacea

Cristina
    $1,500 8
(Alex: Worked that one out nicely, Tim. Way to go.)

fiber optics

Tim
    $1200 17
The Aviator

Jake
    $2,000 3
Virginia & North Carolina

Tim
    $1200 13
John Madden

Tim
    $1200 27
Harding

Jake
    $1200 22
pantaloons

Tim
    $1600 9
wave

Cristina
    $1600 18
(Alex: "They'll never take away our freedom!" [*], Mel Gibson.)

Braveheart

Triple Stumper
    $1600 4
(Alex: Yes, you think of an atoll, you think of the Pacific.)

Hawaii

Cristina
    $1600 14
the albatross

Jake
    $1600 23
panatela

Triple Stumper
    $2000 10
converging (or convex)

Cristina
    $2000 19
Ghostbusters

Tim
    $2000 5
Sioux Falls

Triple Stumper
    $2000 26
(Cristina: Who is Carter?)

Lord Carnarvon

Cristina
Triple Stumper
    $2000 24
pangram

Triple Stumper

Scores at the end of the Double Jeopardy! Round:

Cristina Tim Jake
$8,200 $11,700 $9,200

[wagering suggestions for these scores]

Final Jeopardy! Round responses

'60s MOVIES
CristinaWhat is ?
$2,000
JakeWhat is It's a Mad Mad Mad Mad World ?
$9,100
TimWhat is [a scribble that looks like "Go Gaml"]
$2,500
It's a Mad, Mad, Mad, Mad World

Final scores:

Cristina Tim Jake
$6,200 $9,200 $18,300
3rd place: $1,000 2nd place: $2,000 New champion: $18,300

Game dynamics:

Coryat scores:

Cristina Tim Jake
$8,200 $10,600 $10,200
12 R,
3 W
17 R
(including 2 DDs),
3 W
15 R,
1 W
(including 1 DD)

Combined Coryat: $29,000

The J! Archive is created by fans, for fans. The Jeopardy! game show and all elements thereof, including but not limited to copyright and trademark thereto, are the property of Jeopardy Productions, Inc. and are protected under law. This website is not affiliated with, sponsored by, or operated by Jeopardy Productions, Inc. Join the discussion at JBoard.tv.